| 000 | 01436cas a2200421 a 4500 | ||
|---|---|---|---|
| 001 | 14316437 | ||
| 003 | OSt | ||
| 005 | 20230619113333.0 | ||
| 008 | 060324c20059999np ar 0 0eng | ||
| 010 | _a 2005386993 | ||
| 025 | _aN-2005-386993-S; 22 | ||
| 035 | _a(OCoLC)ocm65194621 | ||
| 037 | _bPerspectives on Society and Culture, Nepal Centre for Creative Research (NCCR), G.P.O. Box no. 21972, Kathmandu, Nepal | ||
| 040 |
_aDLC _beng _cDLC _dDLC _dOCLCQ _dOCLCF _dOCLCO _dOCL _dOCLCA |
||
| 041 | 0 |
_aeng _anep |
|
| 042 | _apcc | ||
| 043 | _aa-np--- | ||
| 050 | 0 | 0 |
_aHN670.9 _b.A485 |
| 082 |
_a301 _bMEI |
||
| 245 | 0 | 0 | _aPerspectives on society and culture. |
| 260 |
_aKathmandu : _bNepal Centre for Creative Research, _c2005- |
||
| 300 | _a313P | ||
| 310 | _aAnnual | ||
| 362 | 0 | _aVol. 1 (2005)- | |
| 515 | _aVols. for 2005- called also No. 1- | ||
| 546 | _aIn English; some Nepali. | ||
| 650 | 7 |
_aCivilization. _2fast _0(OCoLC)fst00862898 |
|
| 650 | 7 |
_aSocial conditions _2fast _0(OCoLC)fst01919811 |
|
| 651 | 0 |
_aNepal _xSocial conditions _vPeriodicals. |
|
| 651 | 0 |
_aNepal _xCivilization _vPeriodicals. |
|
| 651 | 7 |
_aNepal. _2fast _0(OCoLC)fst01206102 |
|
| 655 | 7 |
_aPeriodicals. _2fast _0(OCoLC)fst01411641 |
|
| 710 | 2 | _aNepal Centre for Creative Research. | |
| 906 |
_a7 _bcbc _cserials _d3 _encip _f20 _gn-oclcserc |
||
| 942 |
_2ddc _cBK |
||
| 999 |
_c1244 _d1244 |
||